Central Library OPAC University of Rajshahi
Normal view MARC view

Entry Geographic Name

Number of records used in: 5

001 - CONTROL NUMBER

  • control field: 10665

003 - CONTROL NUMBER IDENTIFIER

  • control field: BD-RjUL

005 - DATE AND TIME OF LATEST TRANSACTION

  • control field: 20231224104017.0

008 - FIXED-LENGTH DATA ELEMENTS

  • fixed length control field: 231224|| aca||aabn | a|a d

040 ## - CATALOGING SOURCE

  • Original cataloging agency: BD-RjUL
  • Transcribing agency: BD-RjUL

151 ## - HEADING--GEOGRAPHIC NAME

  • Geographic name: Iran
  • General subdivision: Religion
  • General subdivision: Early works to 1800

670 ## - SOURCE DATA FOUND

  • Source citation: Work cat.: (BD-RjUL)82526: كشميري، محسن فانى ;; Kashmiri, Mohsin Fani 10662, دبستان مذاهب ;; Dabistān-i maz̲āhib /, 1362 [1983]